Religion Quiz

Random Religion Quiz

7 Miracles of Jesus Quiz Stats

Quiz not verified by Sporcle

Challenge
Share
Tweet
Embed
Score 0/7 Timer 03:00
0 Plays Today
% Correct
Water into wine
76%
Walking on water
52%
Raising Lazarus
34.7%
Feeding the 5000
29.3%
Healing noble man's son
13.3%
Healing at the pool
13.3%
Healing man born blind
12%

You're not logged in!

Compare scores with friends on all Sporcle quizzes.
Join for Free
OR
Log In

You Might Also Like...

Show Comments

Extras

Created Mar 1, 2010ReportNominate
Tags:Jesus, miracle

Top Quizzes Today


Score Distribution

Your Account Isn't Verified!

In order to create a playlist on Sporcle, you need to verify the email address you used during registration. Go to your Sporcle Settings to finish the process.

Report this User

Report this user for behavior that violates our Community Guidelines.

Details: